[Event "DEM U18w 2004"]
[Site "Willingen GER"]
[Date "2004.06.02"]
[Round "6"]
[White "Wetterling, Maria"]
[Black "Müller, Thea-Lina"]
[Result "1/2-1/2"]
[Termination "normal"]
[Board "11"]
[WhiteElo "1405"]
[BlackElo "1667"]
[PlyCount "48"]
[WhiteFideId "24624292"]
[BlackFideId "24604054"]
[EventCountry "GER"]
[EventRounds "9"]
[EventType "swiss"]
[EventDate "2004.05.29"]

1. e4 e6 2. d4 a6 3. Nf3 c5 4. c3 Nf6 5. e5 Nd5 6. Bc4 Nb6 7. Bb3 cxd4 8. cxd4
d6 9. O-O Be7 10. Nc3 dxe5 11. dxe5 O-O 12. Bf4 Nc6 13. a3 Qc7 14. Qe2 Na5 15.
Bc2 Qc4 16. Qe4 Qxe4 17. Nxe4 Nd5 18. Bg5 Nc6 19. Bxe7 Ndxe7 20. Nd6 Ng6 21.
Bxg6 hxg6 22. Rfe1 Rd8 23. Rad1 Kf8 24. Ng5 Rd7 1/2-1/2

[Event "DEM U18w 2004"]
[Site "Willingen GER"]
[Date "2004.06.02"]
[Round "6"]
[White "Ratner, Syuzanna"]
[Black "Schulze, Dorothee"]
[Result "1/2-1/2"]
[Termination "normal"]
[Board "12"]
[WhiteElo "1495"]
[BlackElo "1667"]
[PlyCount "45"]
[BlackFideId "24609498"]
[EventCountry "GER"]
[EventRounds "9"]
[EventType "swiss"]
[EventDate "2004.05.29"]

1. e4 c5 2. Nf3 d6 3. d4 cxd4 4. Nxd4 Nf6 5. Nc3 g6 6. Be3 Bg7 7. Bc4 O-O 8.
O-O Nc6 9. Qd2 Ng4 10. Nxc6 bxc6 11. Bg5 Ne5 12. Bb3 Be6 13. Bh6 Nc4 14. Bxc4
Bxh6 15. Qxh6 Bxc4 16. Rfd1 Rb8 17. b3 Ba6 18. e5 d5 19. Ne4 f6 20. exf6 exf6
21. c4 Qe7 22. Nd2 dxc4 23. Nxc4 1/2-1/2

[Event "DEM U18w 2004"]
[Site "Willingen GER"]
[Date "2004.06.02"]
[Round "6"]
[White "Buncke, Johanna"]
[Black "Salden, Franziska"]
[Result "0-1"]
[Termination "time forfeit"]
[Board "13"]
[WhiteElo "1544"]
[BlackElo "1637"]
[PlyCount "128"]
[BlackFideId "24601268"]
[EventCountry "GER"]
[EventRounds "9"]
[EventType "swiss"]
[EventDate "2004.05.29"]

1. e4 e6 2. d4 d5 3. exd5 exd5 4. Nf3 Nf6 5. Bf4 Be7 6. Bd3 Bg4 7. O-O O-O 8.
Nbd2 c5 9. dxc5 Nbd7 10. Be2 Nxc5 11. Nd4 Bxe2 12. Qxe2 Re8 13. N2b3 Qb6 14.
Be3 a6 15. f3 Bd6 16. Rfe1 Qc7 17. Nxc5 Bxc5 18. Qd2 Bd6 19. g3 Re5 20. Bg5 Nd7
21. Be3 Rae8 22. Bf2 Kf8 23. Rxe5 Nxe5 24. f4 Nc4 25. Qc3 Qd7 26. b3 Nb6 27.
Re1 Re4 28. Nf3 Qb5 29. a4 Bb4 30. axb5 Bxc3 31. Rxe4 dxe4 32. Bxb6 exf3 33.
bxa6 bxa6 34. Kf2 Ke7 35. Bc5+ Ke6 36. Kxf3 Kd5 37. Be7 Bd4 38. c4+ Kc6 39. Ke4
Ba7 40. b4 Bb8 41. Bf8 g6 42. g4 Bc7 43. h3 Bb8 44. h4 Bc7 45. f5 Bg3 46. fxg6
fxg6 47. h5 Bh2 48. hxg6 hxg6 49. b5+ axb5 50. cxb5+ Kxb5 51. Kd5 Bf4 52. Ke6
Kc6 53. Kf6 Kd7 54. Kxg6 Ke6 55. Bh6 Be5 56. Kh7 Bf6 57. Bg7 Bg5 58. Kg6 Bd2
59. Bh6 Bc3 60. Bg5 Bd4 61. Kh7 Kf7 62. Bd2 Bf6 63. Bf4 Be7 64. Kh6 64... Bf6
0-1

[Event "DEM U18w 2004"]
[Site "Willingen GER"]
[Date "2004.06.02"]
[Round "6"]
[White "Schmidt, Jade"]
[Black "Ströhle, Kathrin"]
[Result "1-0"]
[Termination "normal"]
[Board "14"]
[WhiteElo "1699"]
[BlackElo "1691"]
[PlyCount "82"]
[BlackFideId "4633881"]
[EventCountry "GER"]
[EventRounds "9"]
[EventType "swiss"]
[EventDate "2004.05.29"]

1. d4 d5 2. c4 e6 3. Nc3 Nf6 4. Bg5 Nbd7 5. e3 Be7 6. cxd5 exd5 7. Bd3 O-O 8.
Qc2 c6 9. Nf3 Re8 10. O-O Ne4 11. Bf4 f5 12. Rfc1 Nf8 13. Ne5 Bg5 14. Ne2 Bxf4
15. Nxf4 Ne6 16. Ne2 g6 17. b4 a6 18. a4 Bd7 19. Rab1 Nc7 20. Nf4 Rf8 21. Be2
Be8 22. b5 axb5 23. axb5 Nxb5 24. Bxb5 cxb5 25. Ne6 Qf6 26. Nxf8 Qxf8 27. Qc7
Nd6 28. Qc5 Kh8 29. Qxd5 Qe7 30. Ra1 Rd8 31. Qb3 Qf6 32. Rc7 g5 33. f3 Bh5 34.
Rac1 Qf8 35. Qb4 Qe8 36. Qc5 Qe6 37. Qc3 Be8 38. Qa3 Kg8 39. Ra1 Qd5 40. Qc5
Qe6 41. Qb6 h6 1-0

[Event "DEM U18w 2004"]
[Site "Willingen GER"]
[Date "2004.06.03"]
[Round "7"]
[White "Schulz, Stefanie"]
[Black "Romakin, Helene"]
[Result "1/2-1/2"]
[Termination "normal"]
[Board "1"]
[WhiteElo "2079"]
[BlackElo "2061"]
[PlyCount "87"]
[WhiteFideId "4693060"]
[BlackFideId "24605964"]
[EventCountry "GER"]
[EventRounds "9"]
[EventType "swiss"]
[EventDate "2004.05.29"]

1. d4 Nf6 2. Nc3 c5 3. d5 d6 4. e4 g6 5. h3 Bg7 6. Nf3 O-O 7. Be2 Na6 8. Bf4
Nc7 9. a4 Rb8 10. O-O b6 11. Qd2 Re8 12. Rfe1 Bb7 13. Bc4 a6 14. Rab1 Ba8 15.
Qd3 Qc8 16. b4 cxb4 17. Rxb4 Nd7 18. Qd2 b5 19. Ba2 a5 20. Rbb1 b4 21. Nd1 Nc5
22. Bb3 Qd7 23. Nd4 Rbc8 24. Nb2 Bxd4 25. Qxd4 e5 26. dxe6 N7xe6 27. Qxd6 Qxd6
28. Bxd6 Nxe4 29. Rbd1 Rcd8 30. Nc4 Rd7 31. f3 Nc3 32. Rc1 Bd5 33. Bg3 Ra7 34.
Bf2 Ra6 35. Nb6 Bxb3 36. cxb3 Rd8 37. Nc4 Nf4 38. Rc2 Nd3 39. Re7 Nxf2 40. Kxf2
Kf8 41. Re5 Rc8 42. Rd2 Nxa4 43. Rxa5 Rxa5 44. Nxa5 1/2-1/2

[Event "DEM U18w 2004"]
[Site "Willingen GER"]
[Date "2004.06.03"]
[Round "7"]
[White "Krege, Sandra"]
[Black "Dietzen, Corinna"]
[Result "1/2-1/2"]
[Termination "normal"]
[Board "2"]
[WhiteElo "1907"]
[BlackElo "1775"]
[PlyCount "86"]
[WhiteFideId "4680910"]
[BlackFideId "24621021"]
[EventCountry "GER"]
[EventRounds "9"]
[EventType "swiss"]
[EventDate "2004.05.29"]

1. e4 c5 2. Nf3 e6 3. d4 cxd4 4. Nxd4 a6 5. Nc3 Qc7 6. Bd3 Bc5 7. Be3 b5 8. Qg4
Bf8 9. f4 Nf6 10. Qf3 Bb7 11. O-O Be7 12. a4 bxa4 13. Nxa4 O-O 14. Nb3 d5 15.
e5 Nfd7 16. Qh5 g6 17. Qg4 Nc6 18. c3 a5 19. Qe2 Qc8 20. Rfc1 Ba6 21. Bxa6 Qxa6
22. Qxa6 Rxa6 23. c4 Nb4 24. Nd4 Rc8 25. cxd5 Rxc1+ 26. Rxc1 Nxd5 27. Rc8+ Kg7
28. Bd2 Bb4 29. Bc1 Ra7 30. Kf2 Rc7 31. Rxc7 Nxc7 32. Nc6 Nd5 33. Nxb4 Nxb4 34.
Ke3 f6 35. Ke4 fxe5 36. fxe5 Nc6 37. Bf4 Kf7 38. Bg3 Ke7 39. Bh4+ Kf7 40. Bg3
Ke7 41. Be1 Kd8 42. Bc3 Kc7 43. Bd4 Kb7 1/2-1/2

[Event "DEM U18w 2004"]
[Site "Willingen GER"]
[Date "2004.06.03"]
[Round "7"]
[White "Beltz, Franziska"]
[Black "Schöne, Maria"]
[Result "1-0"]
[Termination "normal"]
[Board "3"]
[WhiteElo "2028"]
[BlackElo "2037"]
[PlyCount "69"]
[WhiteFideId "4681401"]
[BlackFideId "4681410"]
[EventCountry "GER"]
[EventRounds "9"]
[EventType "swiss"]
[EventDate "2004.05.29"]

1. e4 c5 2. Nc3 Nc6 3. Nge2 g6 4. d4 cxd4 5. Nxd4 Bg7 6. Be3 d6 7. Qd2 Nf6 8.
f3 O-O 9. O-O-O Nxd4 10. Bxd4 Be6 11. Kb1 Qc7 12. Nd5 Bxd5 13. exd5 Rac8 14.
Rc1 a6 15. c4 Qb8 16. g4 b5 17. h4 Qb7 18. h5 e5 19. dxe6 fxe6 20. hxg6 hxg6
21. Bd3 e5 22. Be3 e4 23. fxe4 Nxg4 24. cxb5 Nxe3 25. Qxe3 Rxc1+ 26. Rxc1 axb5
27. Bc2 Rf6 28. Bb3+ Kf8 29. Bd5 Qd7 30. Qb6 Bh6 31. Rh1 Bg7 32. a3 b4 33. axb4
Qa4 34. Rc1 Rf3 35. Qd8+ 1-0

[Event "DEM U18w 2004"]
[Site "Willingen GER"]
[Date "2004.06.03"]
[Round "7"]
[White "Wolk, Friederike"]
[Black "Helmbold, Irene"]
[Result "1/2-1/2"]
[Termination "normal"]
[Board "4"]
[WhiteElo "1992"]
[BlackElo "1990"]
[PlyCount "81"]
[WhiteFideId "4693400"]
[BlackFideId "24600873"]
[EventCountry "GER"]
[EventRounds "9"]
[EventType "swiss"]
[EventDate "2004.05.29"]

1. e4 c5 2. Nc3 a6 3. g3 b5 4. Bg2 Bb7 5. d3 e6 6. f4 Qc7 7. Nf3 d6 8. O-O Nd7
9. Qe2 Be7 10. Nd1 Ngf6 11. Nf2 Nb6 12. c3 d5 13. e5 Nfd7 14. f5 h6 15. fxe6
fxe6 16. Nh4 Qxe5 17. Qxe5 Nxe5 18. Re1 Nbd7 19. Bf4 Bxh4 20. Bxe5 Bf6 21. Bxf6
Nxf6 22. Rxe6+ Kd7 23. Bh3 Kd8 24. Rae1 Re8 25. Rxe8+ Nxe8 26. Ng4 Bc8 27. Kg2
Nd6 28. Ne5 Bxh3+ 29. Kxh3 Kc7 30. Ng6 Re8 31. Rxe8 Nxe8 32. Kg4 Kd6 33. Kf5
Nf6 34. Nf4 b4 35. cxb4 cxb4 36. Kg6 Ng4 37. Kxg7 Nxh2 38. Kxh6 Ke5 39. Ne2
Ng4+ 40. Kh5 Nf2 41. Nc1 1/2-1/2

[Event "DEM U18w 2004"]
[Site "Willingen GER"]
[Date "2004.06.03"]
[Round "7"]
[White "Zhang, Fan"]
[Black "Katte, Isabel"]
[Result "1-0"]
[Termination "normal"]
[Board "5"]
[WhiteElo "1860"]
[BlackElo "1944"]
[PlyCount "85"]
[WhiteFideId "24609730"]
[BlackFideId "24612987"]
[EventCountry "GER"]
[EventRounds "9"]
[EventType "swiss"]
[EventDate "2004.05.29"]

1. d4 Nf6 2. Nf3 g6 3. Bf4 Bg7 4. c4 d6 5. Nc3 Bf5 6. Qb3 Qc8 7. h3 h5 8. e3 c6
9. Be2 Nbd7 10. Nh4 Be6 11. d5 Nc5 12. Qd1 Bd7 13. Rc1 Nfe4 14. Nxe4 Nxe4 15.
Bd3 Nc5 16. Rc2 Bf6 17. Nf3 Bf5 18. Bxf5 Qxf5 19. O-O g5 20. Nd4 Bxd4 21. exd4
gxf4 22. dxc5 cxd5 23. cxd6 Rg8 24. Rc3 dxc4 25. dxe7 Qg5 26. Qf3 Qb5 27. b3
cxb3 28. Rxb3 Qc6 29. Qxc6+ bxc6 30. Rb7 f3 31. g3 Rg6 32. Re1 Re6 33. Re3 a6
34. h4 Rc8 35. Rxf3 Rxe7 36. Rb6 Re5 37. Rxa6 f5 38. Ra7 c5 39. Rh7 c4 40. Rxh5
Re2 41. Rh8+ Kd7 42. Rxc8 Kxc8 43. Rc3 1-0

[Event "DEM U18w 2004"]
[Site "Willingen GER"]
[Date "2004.06.03"]
[Round "7"]
[White "Janotta, Steffi"]
[Black "Beltz, Carmen"]
[Result "0-1"]
[Termination "normal"]
[Board "6"]
[WhiteElo "1929"]
[BlackElo "1763"]
[PlyCount "76"]
[WhiteFideId "4696344"]
[BlackFideId "24608726"]
[EventCountry "GER"]
[EventRounds "9"]
[EventType "swiss"]
[EventDate "2004.05.29"]

1. e4 c5 2. Nf3 d6 3. d4 cxd4 4. Nxd4 Nf6 5. Nc3 g6 6. Be3 Bg7 7. f3 Nc6 8. Qd2
O-O 9. O-O-O Nxd4 10. Bxd4 Be6 11. Kb1 Qc7 12. g4 Rfc8 13. h4 Qa5 14. Qg5 b5
15. Qxb5 Qc7 16. Qa4 Rab8 17. Ba6 Bd7 18. Nb5 Qc6 19. Bxc8 Rxc8 20. g5 Nh5 21.
Nc3 Qxa4 22. Nxa4 Bxa4 23. b3 Bxd4 24. Rxd4 Bb5 25. c4 Ba6 26. e5 Ng3 27. exd6
exd6 28. Rxd6 Nxh1 29. Rxa6 Rc7 30. Kc2 Ng3 31. Kc3 Nf5 32. h5 gxh5 33. Rf6 Ng3
34. Kd4 h4 35. Ke5 Re7+ 36. Kd5 Re2 37. Rh6 Nf5 38. Rh5 Kg7 0-1

[Event "DEM U18w 2004"]
[Site "Willingen GER"]
[Date "2004.06.03"]
[Round "7"]
[White "Frey, Claudia"]
[Black "Brethauer, Sarah"]
[Result "1/2-1/2"]
[Termination "normal"]
[Board "7"]
[WhiteElo "1874"]
[BlackElo "1887"]
[PlyCount "44"]
[WhiteFideId "24614513"]
[BlackFideId "24605220"]
[EventCountry "GER"]
[EventRounds "9"]
[EventType "swiss"]
[EventDate "2004.05.29"]

1. e4 c5 2. Nc3 e6 3. g3 d5 4. exd5 exd5 5. d3 Nf6 6. Bg2 d4 7. Ne4 Nxe4 8.
Bxe4 Nd7 9. Ne2 Nf6 10. Bg2 Bd6 11. O-O O-O 12. Bg5 h6 13. Bf4 Bg4 14. Bxd6
Qxd6 15. Qd2 Nd5 16. Rfe1 Rad8 17. h3 Bf5 18. Nc1 Rfe8 19. Nb3 b6 20. a3 Kf8
21. Rxe8+ Rxe8 22. Re1 Re5 1/2-1/2

[Event "DEM U18w 2004"]
[Site "Willingen GER"]
[Date "2004.06.03"]
[Round "7"]
[White "Zabarska, Natalia"]
[Black "Reeves, Anna"]
[Result "0-1"]
[Termination "normal"]
[Board "8"]
[WhiteElo "1709"]
[BlackElo "1685"]
[PlyCount "112"]
[WhiteFideId "24608009"]
[EventCountry "GER"]
[EventRounds "9"]
[EventType "swiss"]
[EventDate "2004.05.29"]

1. e4 e5 2. f4 d5 3. exd5 e4 4. d3 exd3 5. Bxd3 Qxd5 6. Nf3 Bg4 7. O-O Bc5+ 8.
Kh1 Ne7 9. Nc3 Qh5 10. Qe1 Nbc6 11. Be3 Bxe3 12. Qxe3 O-O 13. Ne5 Nxe5 14. fxe5
c6 15. Rf4 Ng6 16. Re4 Rfe8 17. Qg3 Nxe5 18. Rae1 f6 19. h3 Nxd3 20. Qxd3 Rxe4
21. Rxe4 Bf5 22. Qc4+ Qf7 23. Qxf7+ Kxf7 24. Rb4 b5 25. Ne2 Bxc2 26. Rh4 Rc8
27. Nd4 Bd3 28. Rf4 c5 29. Nf3 Ke6 30. Ne1 Bb1 31. a3 a5 32. Rf1 c4 33. Nf3 Bd3
34. Re1+ Kf7 35. Nd4 b4 36. axb4 axb4 37. Rc1 c3 38. bxc3 Rxc3 39. Rxc3 bxc3
40. Nb3 c2 41. Kg1 Kg6 42. Kf2 Kg5 43. Kg3 f5 44. Nc1 Bc4 45. Kf3 h5 46. Kg3
f4+ 47. Kf3 Bd5+ 48. Kf2 Kf5 49. Nd3 g5 50. Kg1 Ke4 51. Nc1 Ke3 52. Kf1 Kd2 53.
Ne2 Bc4 54. Kf2 Bxe2 55. Kg1 c1=Q+ 56. Kh2 f3 0-1

[Event "DEM U18w 2004"]
[Site "Willingen GER"]
[Date "2004.06.03"]
[Round "7"]
[White "Auburger, Kirstin"]
[Black "Wolowski, Laura"]
[Result "0-1"]
[Termination "normal"]
[Board "9"]
[WhiteElo "1609"]
[BlackElo "1777"]
[PlyCount "120"]
[WhiteFideId "24620726"]
[EventCountry "GER"]
[EventRounds "9"]
[EventType "swiss"]
[EventDate "2004.05.29"]

1. d4 d5 2. c4 Nc6 3. e3 e5 4. dxe5 d4 5. exd4 Qxd4 6. Qxd4 Nxd4 7. Bd3 Bg4 8.
f3 Be6 9. b3 O-O-O 10. Be4 Ne7 11. Ne2 Ng6 12. Nxd4 Bb4+ 13. Ke2 Rxd4 14. Be3
Rd7 15. f4 Ne7 16. h3 Nf5 17. Bxf5 Bxf5 18. Rd1 Rxd1 19. Kxd1 Rd8+ 20. Kc1 Rd3
21. Bd2 Bxd2+ 22. Nxd2 Rg3 23. Nf1 Rxg2 24. Ne3 Rg1+ 25. Kb2 Rxa1 26. Kxa1 Bxh3
27. Kb2 Kd7 28. Kc3 Ke6 29. Kd2 Bf5 30. Ke2 Be4 31. Kf2 h5 32. Kg3 g6 33. Kh4
c5 34. Kg5 a6 35. Nd5 Bb1 36. Nc3 Bf5 37. Na4 Kd7 38. Nxc5+ Kc6 39. Na4 b5 40.
Nb2 Kc5 41. a3 a5 42. cxb5 Kxb5 43. Nd1 Be6 44. Nc3+ Kb6 45. b4 axb4 46. axb4
Kc6 47. Ne4 Kb5 48. Ng3 Kxb4 49. Nxh5 gxh5 50. Kxh5 Kc5 51. Kg5 Kd4 52. Kf6 Ke4
53. f5 Kd5 54. fxe6 fxe6 55. Kg5 Kxe5 56. Kg4 Ke4 57. Kg3 Ke3 58. Kg2 Ke2 59.
Kg3 e5 60. Kg2 e4 0-1

[Event "DEM U18w 2004"]
[Site "Willingen GER"]
[Date "2004.06.03"]
[Round "7"]
[White "Kaplun, Viktoria"]
[Black "Wetterling, Maria"]
[Result "1-0"]
[Termination "normal"]
[Board "10"]
[WhiteElo "1671"]
[BlackElo "1405"]
[PlyCount "53"]
[WhiteFideId "24621676"]
[BlackFideId "24624292"]
[EventCountry "GER"]
[EventRounds "9"]
[EventType "swiss"]
[EventDate "2004.05.29"]

1. d4 d5 2. c4 e6 3. Nc3 c5 4. cxd5 exd5 5. Nf3 Nc6 6. g3 Nf6 7. Bg5 Be7 8. Bg2
c4 9. Ne5 Qb6 10. Bxf6 Bxf6 11. Nxd5 Qa5+ 12. Qd2 Qxd2+ 13. Kxd2 Bxe5 14. dxe5
O-O 15. f4 Be6 16. e4 Rad8 17. Ke2 Bg4+ 18. Kf2 Nd4 19. Rac1 b5 20. h3 Be2 21.
Bf1 Bf3 22. Bg2 Be2 23. Ke3 Bd3 24. Kxd4 a5 25. Bf1 Bxf1 26. Rhxf1 Rc8 27. Ne7+
1-0

[Event "DEM U18w 2004"]
[Site "Willingen GER"]
[Date "2004.06.03"]
[Round "7"]
[White "Salden, Franziska"]
[Black "Müller, Thea-Lina"]
[Result "0-1"]
[Termination "normal"]
[Board "11"]
[WhiteElo "1637"]
[BlackElo "1667"]
[PlyCount "84"]
[WhiteFideId "24601268"]
[BlackFideId "24604054"]
[EventCountry "GER"]
[EventRounds "9"]
[EventType "swiss"]
[EventDate "2004.05.29"]

1. e4 c5 2. Nf3 e6 3. d4 cxd4 4. Nxd4 Nf6 5. Nc3 d6 6. Bc4 a6 7. Be3 b5 8. Bb3
b4 9. Na4 Nxe4 10. O-O d5 11. f4 Bd6 12. Qg4 O-O 13. Nf3 Nd7 14. Nd2 Ndc5 15.
Nxe4 Nxe4 16. Qf3 Rb8 17. Rac1 Bd7 18. c3 Qa5 19. cxb4 Bxb4 20. Nc3 Nxc3 21.
bxc3 Bxc3 22. Bf2 Bb4 23. f5 Be7 24. Bd4 Qd2 25. Qg4 Qg5 26. Qf3 Bf6 27. Be3
Qh4 28. Bf4 Bg5 29. Bxb8 Qd4+ 30. Kh1 Bxc1 31. fxe6 Bxe6 32. Rd1 Qe3 33. Qxe3
Bxe3 34. Bg3 Rc8 35. h3 Rc1 36. Be5 Rxd1+ 37. Bxd1 d4 38. a3 f6 39. Bg3 Bc4 40.
Bd6 Kf7 41. Bc5 Ke6 42. Bf3 Ke5 0-1

[Event "DEM U18w 2004"]
[Site "Willingen GER"]
[Date "2004.06.03"]
[Round "7"]
[White "Hauser, Anna"]
[Black "Ratner, Syuzanna"]
[Result "0-1"]
[Termination "normal"]
[Board "12"]
[WhiteElo "1454"]
[BlackElo "1495"]
[PlyCount "140"]
[EventCountry "GER"]
[EventRounds "9"]
[EventType "swiss"]
[EventDate "2004.05.29"]

1. d4 d5 2. Nf3 Nf6 3. Bf4 c6 4. Nbd2 Bf5 5. e3 e6 6. Bd3 Bxd3 7. cxd3 Bd6 8.
Ne5 Qe7 9. O-O O-O 10. Qb3 c5 11. Ndf3 Nh5 12. dxc5 Bxc5 13. d4 Bb6 14. Nd3
Nxf4 15. Nxf4 Nc6 16. Qb5 Qd6 17. Nd3 Qe7 18. Rfc1 f6 19. b4 Qc7 20. Qa4 a6 21.
Qb3 Qd6 22. b5 Na5 23. Qa4 Nc4 24. bxa6 Rxa6 25. Qb3 Rfa8 26. a4 Bc7 27. Nb2
Na5 28. Qc3 Rc6 29. Qd2 Rxc1+ 30. Rxc1 Nb3 31. Qc2 Nxc1 32. Qxc1 Ra6 33. Qa1 b5
34. g3 Qc6 35. Nd3 Rxa4 36. Qb1 Bd6 37. Nd2 Kf7 38. Kg2 h6 39. Kf3 g5 40. Nb2
Ra8 41. Qh7+ Ke8 42. Qxh6 Kd7 43. Kg2 Ra2 44. Qh7+ Be7 45. Qb1 Ra8 46. Nd1 b4
47. Nb2 Qc3 48. Nf3 Qb3 49. Ne1 Qa2 50. Qc2 Rc8 51. Qd2 Qb1 52. Qe2 Qc1 53.
Ned3 Qc6 54. g4 b3 55. h4 Rh8 56. hxg5 Qc7 57. Qf3 Qh2+ 58. Kf1 Qh1+ 59. Qxh1
Rxh1+ 60. Kg2 Rb1 61. gxf6 Bxf6 62. Na4 Be7 63. Kf3 Ba3 64. g5 Ke8 65. Kf4 Rd1
66. Ndc5 Bxc5 67. dxc5 Ra1 68. Nc3 b2 69. g6 Rc1 70. g7 Kf7 0-1

[Event "DEM U18w 2004"]
[Site "Willingen GER"]
[Date "2004.06.03"]
[Round "7"]
[White "Schulze, Dorothee"]
[Black "Ströhle, Kathrin"]
[Result "1/2-1/2"]
[Termination "normal"]
[Board "13"]
[WhiteElo "1667"]
[BlackElo "1691"]
[PlyCount "43"]
[WhiteFideId "24609498"]
[BlackFideId "4633881"]
[EventCountry "GER"]
[EventRounds "9"]
[EventType "swiss"]
[EventDate "2004.05.29"]

1. e4 e5 2. Nf3 Nc6 3. Bb5 a6 4. Ba4 Nf6 5. O-O b5 6. Bb3 Be7 7. Re1 d6 8. h3
O-O 9. c3 Bb7 10. d4 Re8 11. Nbd2 Bf8 12. Bc2 Rc8 13. d5 Nb8 14. Nf1 c6 15.
dxc6 Bxc6 16. Ng3 Qc7 17. Bg5 Nbd7 18. Qe2 a5 19. Rac1 Qb6 20. Red1 Bb7 21. Be3
Qc6 22. Bd3 1/2-1/2

[Event "DEM U18w 2004"]
[Site "Willingen GER"]
[Date "2004.06.04"]
[Round "8"]
[White "Dietzen, Corinna"]
[Black "Schulz, Stefanie"]
[Result "0-1"]
[Termination "normal"]
[Board "1"]
[WhiteElo "1775"]
[BlackElo "2079"]
[PlyCount "72"]
[WhiteFideId "24621021"]
[BlackFideId "4693060"]
[EventCountry "GER"]
[EventRounds "9"]
[EventType "swiss"]
[EventDate "2004.05.29"]

1. c4 c5 2. Nc3 g6 3. g3 Bg7 4. Bg2 Nc6 5. e3 e5 6. Nge2 Nge7 7. O-O d6 8. b3
Be6 9. Bb2 O-O 10. Nd5 Qd7 11. d4 exd4 12. exd4 Nf5 13. Qd2 Nfxd4 14. Nxd4 Nxd4
15. Bxd4 cxd4 16. Nf4 Rab8 17. Rad1 b5 18. cxb5 Qxb5 19. Ne2 Qa6 20. Nxd4 Bxd4
21. Qxd4 Qxa2 22. Ra1 Qxb3 23. Qxd6 Qb6 24. Qa3 a6 25. Rfd1 Rfd8 26. Bf1 Rxd1
27. Rxd1 a5 28. Qe7 a4 29. h4 h5 30. Be2 Qb2 31. Bd3 Qb7 32. Qxb7 Rxb7 33. Bc2
a3 34. Ra1 a2 35. Kf1 Rb2 36. Bd3 Bc4 0-1

[Event "DEM U18w 2004"]
[Site "Willingen GER"]
[Date "2004.06.04"]
[Round "8"]
[White "Romakin, Helene"]
[Black "Beltz, Franziska"]
[Result "0-1"]
[Termination "normal"]
[Board "2"]
[WhiteElo "2061"]
[BlackElo "2028"]
[PlyCount "74"]
[WhiteFideId "24605964"]
[BlackFideId "4681401"]
[EventCountry "GER"]
[EventRounds "9"]
[EventType "swiss"]
[EventDate "2004.05.29"]

1. c4 c5 2. g3 g6 3. Bg2 Bg7 4. Nc3 Nc6 5. e4 e6 6. Nge2 Nge7 7. O-O O-O 8. d3
d6 9. Be3 Nd4 10. Qd2 Rb8 11. Rab1 b6 12. f4 Bb7 13. h3 f5 14. Kh2 Bc6 15. Rf2
Kh8 16. b4 Nxe2 17. Rxe2 d5 18. cxd5 exd5 19. Nxd5 Bxd5 20. exd5 cxb4 21. Rxb4
Nxd5 22. Rc4 Rf7 23. Bd4 Nf6 24. Be5 Rc8 25. Qc3 Rxc4 26. Qxc4 Rf8 27. Rc2 h5
28. Qa6 h4 29. Rc7 hxg3+ 30. Kh1 Nh5 31. Rxg7 Nxg7 32. Qb7 Rg8 33. Bd5 Kh7 34.
Bxg8+ Qxg8 35. Qxa7 Qd5+ 36. Kg1 Qc5+ 37. Kg2 Qf2+ 0-1

[Event "DEM U18w 2004"]
[Site "Willingen GER"]
[Date "2004.06.04"]
[Round "8"]
[White "Zhang, Fan"]
[Black "Wolk, Friederike"]
[Result "1-0"]
[Termination "normal"]
[Board "3"]
[WhiteElo "1860"]
[BlackElo "1992"]
[PlyCount "89"]
[WhiteFideId "24609730"]
[BlackFideId "4693400"]
[EventCountry "GER"]
[EventRounds "9"]
[EventType "swiss"]
[EventDate "2004.05.29"]

1. d4 c5 2. d5 e6 3. c4 a6 4. Nc3 d6 5. e4 Ne7 6. Nf3 exd5 7. cxd5 Ng6 8. a4
Be7 9. Be2 Bf6 10. O-O O-O 11. Qc2 Bg4 12. a5 Nd7 13. Nd2 Bxe2 14. Nxe2 Re8 15.
Ng3 Qc7 16. Kh1 Be5 17. Nf5 Ne7 18. Ne3 Bf4 19. Ndc4 Nc8 20. b3 Bxe3 21. Nxe3
Nf6 22. f3 b5 23. axb6 Nxb6 24. Bb2 Nfd7 25. Nf5 f6 26. Ra2 g6 27. Nh6+ Kg7 28.
Ng4 h5 29. Nf2 Qb7 30. Rfa1 Rec8 31. Bc1 c4 32. bxc4 Rxc4 33. Qd2 Nf8 34. Nd3
Rcc8 35. Nb4 Nc4 36. Qh6+ Kf7 37. Nd3 Qb3 38. Nf2 Qc3 39. Bf4 a5 40. h4 Rab8
41. Kh2 Qd4 42. Nd1 Rb3 43. Qh8 Qa7 44. Rc1 Rbb8 45. Rac2 1-0

[Event "DEM U18w 2004"]
[Site "Willingen GER"]
[Date "2004.06.04"]
[Round "8"]
[White "Beltz, Carmen"]
[Black "Krege, Sandra"]
[Result "0-1"]
[Termination "normal"]
[Board "4"]
[WhiteElo "1763"]
[BlackElo "1907"]
[PlyCount "58"]
[WhiteFideId "24608726"]
[BlackFideId "4680910"]
[EventCountry "GER"]
[EventRounds "9"]
[EventType "swiss"]
[EventDate "2004.05.29"]

1. e4 c5 2. Nf3 Nc6 3. d4 cxd4 4. Nxd4 Nf6 5. Nc3 e5 6. Ndb5 d6 7. Bg5 a6 8.
Na3 b5 9. Nd5 Be7 10. Bxf6 Bxf6 11. c3 Bg5 12. Nc2 O-O 13. a4 bxa4 14. Rxa4 a5
15. Bc4 Rb8 16. b3 Bd7 17. Ra2 g6 18. O-O Kh8 19. Nce3 Bh6 20. f4 exf4 21. Nxf4
Qb6 22. Qd2 Rbe8 23. Kh1 Qc5 24. b4 axb4 25. cxb4 Nxb4 26. Rb2 Rxe4 27. Qxb4
Bxf4 28. Qxc5 dxc5 29. Nd5 Rxc4 0-1

[Event "DEM U18w 2004"]
[Site "Willingen GER"]
[Date "2004.06.04"]
[Round "8"]
[White "Helmbold, Irene"]
[Black "Schöne, Maria"]
[Result "0-1"]
[Termination "normal"]
[Board "5"]
[WhiteElo "1990"]
[BlackElo "2037"]
[PlyCount "64"]
[WhiteFideId "24600873"]
[BlackFideId "4681410"]
[EventCountry "GER"]
[EventRounds "9"]
[EventType "swiss"]
[EventDate "2004.05.29"]

1. e4 c5 2. Nf3 d6 3. d4 cxd4 4. Nxd4 Nf6 5. Nc3 g6 6. Be3 Bg7 7. Bc4 O-O 8. f3
Nc6 9. Qd2 Bd7 10. O-O-O Ne5 11. Bb3 Rc8 12. g4 b5 13. Kb1 a5 14. g5 Nh5 15. f4
Nc4 16. Bxc4 Rxc4 17. Nde2 Bg4 18. b3 Rc8 19. Nxb5 Bf3 20. Rhg1 Bxe4 21. Rc1 a4
22. Bd4 e5 23. Bb2 axb3 24. axb3 Qb6 25. Nxd6 Rcd8 26. fxe5 Bxe5 27. Bxe5 Qxb3+
28. Bb2 Ra8 29. Nc3 Rfb8 30. Nc4 Qxc4 31. Rce1 Rxb2+ 32. Kxb2 Qb4+ 0-1

[Event "DEM U18w 2004"]
[Site "Willingen GER"]
[Date "2004.06.04"]
[Round "8"]
[White "Katte, Isabel"]
[Black "Reeves, Anna"]
[Result "0-1"]
[Termination "normal"]
[Board "6"]
[WhiteElo "1944"]
[BlackElo "1685"]
[PlyCount "46"]
[WhiteFideId "24612987"]
[EventCountry "GER"]
[EventRounds "9"]
[EventType "swiss"]
[EventDate "2004.05.29"]

1. e4 e5 2. Nf3 Nc6 3. d4 exd4 4. Nxd4 Bc5 5. Nb3 Bb6 6. a4 a5 7. Nc3 Qf6 8.
Qe2 Nge7 9. Nd5 Nxd5 10. exd5+ Ne7 11. h4 h6 12. Bd2 Qxb2 13. Rh3 Qxc2 14. Rg3
d6 15. Qf3 Qf5 16. Rxg7 Qe5+ 17. Be2 Qxg7 18. Bc3 Qg8 19. Bb5+ Bd7 20. Bxd7+
Kxd7 21. Bxh8 Qxh8 22. Qxf7 Rf8 23. Qe6+ Kd8 0-1